Eperjes Ág ev. Collegium, Caraffa vesztöhely Mária szoborral

Zobrazenie: Pohľad v bielom orámovaní na budovu kolégia v pozadí. Vľavo v popredí je na ulici odstavený drevený voz. Vpravo pred kolégiom sa nachádza súsošie Immaculaty. Vľavo od neho sú tri listnaté stromy. V spodnej časti po celej šírke pohľadnice sa nachádza biely rámček na správu...

Full description

Bibliographic Details
Format: Postcard
Language:Hungarian
PhysicalDescription:1 pohľadnica kolorovaná 10 x 14 cm
Published: Eperjes Cattarino S. [1902?]
Subjects:

MARC

LEADER 00000ckm a2200000 a 4500
001 vtls001334641
003 SK-MaSNL
005 20260512123234.0
007 kp ho
008 230706q1902 xo g 0kuhun
015 |a SNBG1902 
035 |a SNK000287594 
035 |a urn:nbn:sk:snk-km3ltwm 
035 |a 0CDD6B13-9308-46BA-8C93-6516C7516769 
035 |a urn:nbn:sk:snk-km00du5a 
040 |a SNK  |b slo  |c SNK  |e AACR2 
041 |a hun 
043 |a e-xo--- 
044 |a xo  |c SK 
072 7 |a 913  |x Regionálna geografia  |2 konspekt 
080 |a 913(437.6)  |2 2011 
080 |a 711.61  |2 2011 
080 |a 94(084.121)  |2 2011 
080 |a 725.942  |2 2011 
080 |a 730  |2 2011 
245 0 0 |a Eperjes  |h grafika  |b Ág ev. Collegium, Caraffa vesztöhely Mária szoborral 
260 |a Eperjes  |b Cattarino S.  |c [1902?] 
300 |a 1 pohľadnica  |b kolorovaná  |c 10 x 14 cm 
500 |a Názvové údaje prevzaté z obrazovej časti pohľadnice 
520 8 |a Zobrazenie: Pohľad v bielom orámovaní na budovu kolégia v pozadí. Vľavo v popredí je na ulici odstavený drevený voz. Vpravo pred kolégiom sa nachádza súsošie Immaculaty. Vľavo od neho sú tri listnaté stromy. V spodnej časti po celej šírke pohľadnice sa nachádza biely rámček na správu 
650 0 7 |a námestia  |2 SNKPH  |9 26291 
650 0 7 |a morové stĺpy  |2 SNKPH  |9 99210 
650 0 7 |a súsošia  |2 SNKPH  |9 81386 
651 7 |a Prešov (Slovensko)  |2 SNKPHgeo  |9 17347 
655 7 |a miestne pohľadnice  |2 SNKPH  |9 70510 
655 7 |a historické pohľadnice  |2 SNKPH  |9 159703 
752 |a Slovensko  |d Prešov 
852 |a Slovenská národná knižnica 
958 |a GBN 
958 |a GC 
958 |a ONDV 
999 |c 718413  |d 720343 
952 |t P60, <04>, [BOOK], {604}  |a SNK  |b SNK  |y PREZ  |7 0  |p 17A0143340  |o snkSP 20137  |z Pohľadnica prešla poštou.  |0 0  |1 0  |4 0  |d 1998-06-17  |f 1  |l 0  |r 2005-01-02 00:00:00  |w 2026-02-23